000 00229nam a2200097Ia 4500
008 190216s9999||||xx |||||||||||||| ||und||
100 _aNull
245 0 _aCapitalist Economics
260 _b"Progress Publishers, Moscow"
942 _cBK
999 _c9160
_d9160